Pobyt cudzincov na území SR po 1.5.2017

Zmeny prinesené novelizáciou zákona o pobyte cudzincov č 404/2011 Z.z., ktorá bola schválená 14.6.2017. Zmeny pravidiel pri overovaní pozvania. Zavedenie definície vnútropodnikového presunu. Možnosť dočasného obnovenia kontrol na vnútorných hraniciach. Zamietnutie vstupu občanovi EÚ a tretej krajiny...

Descripción completa

Guardado en:
Detalles Bibliográficos
Autor principal: Jaško, Jozef
Formato: Capítulo de libro
Lenguaje:eslovaco
Materias:
Etiquetas: Agregar Etiqueta
Sin Etiquetas, Sea el primero en etiquetar este registro!

MARC

LEADER 00000naa a2200000 4500
001 0235559
005 20170905082935.0
041 0 |a slo 
044 |a SK 
245 1 0 |a Pobyt cudzincov na území SR po 1.5.2017  |c Jozef Jaško 
520 |a Zmeny prinesené novelizáciou zákona o pobyte cudzincov č 404/2011 Z.z., ktorá bola schválená 14.6.2017. Zmeny pravidiel pri overovaní pozvania. Zavedenie definície vnútropodnikového presunu. Možnosť dočasného obnovenia kontrol na vnútorných hraniciach. Zamietnutie vstupu občanovi EÚ a tretej krajiny. Udeľovanie národného víza. Novela č. 179/2017 Z.z. 
610 2 0 |a cudzinci 
610 2 0 |a pobyt cudzincov 
610 2 0 |a zákony 
610 2 0 |a novelizácia 
610 2 0 |a Slovensko 
100 1 |a Jaško, Jozef